[Event "Ch Spain (team) (Honor Gr.2)"]
[Site "Lugo (Spain)"]
[Date "2007.06.30"]
[Round "4"]
[White "Bacrot Etienne (FRA)"]
[Black "Gashimov Vugar (AZE)"]
[Result "1/2-1/2"]
[WhiteElo "2709"]
[BlackElo "2644"]
[PlyCount "45"]
[EventDate "2007.??.??"]
[Source "www.chesslib.no"]
[SourceDate "2004.05.04"]

1. d4 Nf6 2. c4 e6 3. g3 c5 4. d5 exd5 5. cxd5 d6 6. Bg2 g6 7. Nc3 Bg7 8. Nf3 Na6 9. O-O Nc7 10. e4 O-O 11. h3 Nd7 12. Bf4 Ne5 13. Nxe5 dxe5 14. Be3 b6 15. f4 Ne8 16. f5 Nd6 17. Qc2 Bd7 18. Rf2 Rc8 19. a4 a6 20. g4 f6 21. Bf1 c4 22. Bg2 Rf7 23. Rff1 1/2-1/2

[Event "II Campionato Italiano Lampo Online"]
[Site "playchess.com"]
[Date "2007.12.23"]
[Round "1.1"]
[White "Rombaldoni, Denis"]
[Black "Napoli, Nicolò"]
[Result "1-0"]
[WhiteElo "2537"]
[BlackElo "2794"]
[PlyCount "41"]
[EventDate "2007.12.23"]
[Source "www.chesslib.no"]
[SourceDate "2004.05.04"]

1. d4 e6 2. c4 c5 3. d5 exd5 4. cxd5 d6 5. Nc3 Nf6 6. Nf3 Be7 7. e4 O-O 8. h3 a6 9. a4 Re8 10. Be2 Bf8 11. Qc2 Nbd7 12. O-O Rb8 13. Bf4 b5 14. axb5 axb5 15. Bxb5 Rxb5 16. Nxb5 Rxe4 17. Bxd6 Qb6 18. Nc3 Rb4 19. Bxf8 Rxb2 20. Qc1 Nxf8 21. Na4 1-0

[Event "Groningen"]
[Site "?"]
[Date "1995.??.??"]
[Round "?"]
[White "Piket, Je"]
[Black "Adams, Mi"]
[Result "0-1"]
[WhiteElo "2625"]
[BlackElo "2660"]
[PlyCount "60"]
[EventDate "1995.??.??"]
[Source "ChessBase"]
[SourceDate "1995.10.01"]

1. d4 e6 2. c4 Nf6 3. Nf3 c5 4. d5 exd5 5. cxd5 Bd6 6. Nc3 Bc7 7. g4 d6 8. g5 Nfd7 9. h4 a6 10. a4 Qe7 11. Bh3 O-O 12. Qd3 Ne5 13. Nxe5 Qxe5 14. a5 Qd4 15. Qg3 Qb4 16. h5 Nd7 17. g6 Nf6 18. gxh7+ Kh8 19. Rg1 Nxh5 20. Qf3 Bxh3 21. Qxh5 Bd7 22. Qg5 Qd4 23. Bf4 Bd8 24. Qg3 Bf6 25. Rd1 Qc4 26. Bg5 Be5 27. f4 Bd4 28. Rg2 Rae8 29. Rd3 Bf5 30. Rf3 Be4 0-1

[Event "15. European Team Championship"]
[Site "?"]
[Date "2005.08.04"]
[Round "6.3"]
[White "Moiseenko Alexander"]
[Black "Gashimov Vugar"]
[Result "1/2-1/2"]
[WhiteElo "2664"]
[BlackElo "2594"]
[PlyCount "150"]
[EventDate "2005.??.??"]
[Source "www.chesslib.no"]
[SourceDate "2004.05.04"]

1. d4 Nf6 2. c4 e6 3. Nf3 c5 4. d5 exd5 5. cxd5 Bd6 6. Nc3 Bc7 7. d6 Ba5 8. g3 O-O 9. Bg2 Ne4 10. Qd3 Bxc3+ 11. bxc3 Qf6 12. O-O Re8 13. Bf4 Nc6 14. Rac1 b6 15. Nh4 c4 16. Qxc4 Nc5 17. Qd5 Rxe2 18. Be3 Bb7 19. Qh5 Rb2 20. Bxc6 Bxc6 21. Bd4 Qh6 22. Qxh6 gxh6 23. Nf5 Ne4 24. Rfd1 f6 25. Nxh6+ Kg7 26. Nf5+ Kf7 27. Re1 Re8 28. Be3 Rxa2 29. f3 Nd2 30. Bxd2 Rxd2 31. Rxe8 Kxe8 32. Re1+ Kf8 33. Nd4 a5 34. Rb1 a4 35. Nxc6 dxc6 36. Rxb6 a3 37. Rb8+ Kf7 38. Ra8 a2 39. d7 Rxd7 40. Rxa2 Rd3 41. c4 Rxf3 42. Ra7+ Kg6 43. Rc7 Rc3 44. Rxc6 Rc2 45. Rc7 h5 46. Rc5 Kh6 47. h4 Kg6 48. Kf1 Kf7 49. Rc6 Kg6 50. Rc5 Kf7 51. Ke1 Rg2 52. Rxh5 Rxg3 53. Kd2 Rg4 54. Kd3 Kg6 55. Rh8 Kg7 56. Rb8 Rxh4 57. c5 Rh1 58. Kc4 Kf7 59. Kd5 f5 60. c6 Rc1 61. Rb7+ Kf6 62. c7 Kg5 63. Kd6 Kg4 64. Rb8 f4 65. Rg8+ Kh3 66. Rh8+ Kg3 67. Rg8+ Kh3 68. Rf8 Kg3 69. c8=Q Rxc8 70. Rxc8 f3 71. Rg8+ Kh2 72. Ke5 f2 73. Rf8 Kg2 74. Ke4 f1=Q 75. Rxf1 Kxf1 1/2-1/2

[Event "San Marino SMR"]
[Site "?"]
[Date "2006.06.10"]
[Round "8"]
[White "Jobava Baadur"]
[Black "Pantsulaia Levan"]
[Result "1/2-1/2"]
[WhiteElo "2646"]
[BlackElo "2611"]
[PlyCount "45"]
[EventDate "2006.??.??"]
[Source "www.chesslib.no"]
[SourceDate "2004.05.04"]

1. d4 Nf6 2. c4 e6 3. Nc3 c5 4. d5 exd5 5. cxd5 d6 6. Nf3 a6 7. a4 g6 8. Nd2 Nbd7 9. a5 Qe7 10. e4 Bg7 11. Be2 O-O 12. O-O b5 13. axb6 Nxb6 14. Re1 Re8 15. Qc2 Ng4 16. Bxg4 Bxg4 17. b3 Bd4 18. Bb2 Bd7 19. Qd3 Bb5 20. Qc2 Bg7 21. h3 Bd7 22. Qd3 Bb5 23. Qc2 1/2-1/2

[Event "Haifa"]
[Site "?"]
[Date "1995.??.??"]
[Round "?"]
[White "Psakhis, L."]
[Black "Yudasin, L."]
[Result "1/2-1/2"]
[WhiteElo "2625"]
[BlackElo "2615"]
[PlyCount "23"]
[EventDate "1995.??.??"]
[Source "ChessBase"]
[SourceDate "1995.10.01"]

1. d4 e6 2. c4 Nf6 3. g3 c5 4. d5 exd5 5. cxd5 b5 6. Bg2 Bb7 7. e4 d6 8. Nf3 g6 9. O-O Bg7 10. a4 O-O 11. Qc2 Na6 12. Nc3 1/2-1/2

[Event "Dortmund"]
[Site "?"]
[Date "1990.??.??"]
[Round "?"]
[White "Gelfand, B."]
[Black "Chernin, A."]
[Result "1/2-1/2"]
[WhiteElo "2615"]
[BlackElo "2600"]
[PlyCount "120"]
[EventDate "1990.??.??"]
[Source "ChessBase"]
[SourceDate "1990.01.01"]

1. d4 Nf6 2. c4 e6 3. g3 c5 4. d5 exd5 5. cxd5 b5 6. Bg2 d6 7. b4 Na6 8. bxc5 Nxc5 9. Nf3 g6 10. Nd4 Bg7 11. O-O a6 12. Nc6 Qd7 13. Nc3 O-O 14. a4 Nfe4 15. Nxe4 Nxe4 16. Bf4 Nc3 17. Qc2 Re8 18. e4 Nxa4 19. Rae1 Bb7 20. e5 dxe5 21. Nxe5 Bxe5 22. Bxe5 Bxd5 23. Qd2 Bc6 24. Qxd7 Bxd7 25. Bxa8 Rxa8 26. Rd1 Bh3 27. Rfe1 Nb6 28. Bf6 Be6 29. Rd6 Nd5 30. Bb2 b4 31. Rd1 Nc3 32. Rd8+ Rxd8 33. Rxd8+ Kg7 34. Rb8 a5 35. Rb5 Kh6 36. Rxa5 Nd5 37. Rb5 g5 38. f3 Kg6 39. Be5 h5 40. Bd6 g4 41. Kf2 Nc3 42. Rxb4 Nd1+ 43. Ke1 Nc3 44. Be5 Nd5 45. Rb3 Nf4 46. Ra3 Nh3 47. f4 Ng1 48. Ra8 Nf3+ 49. Kf2 Nxh2 50. Rg8+ Kh6 51. Bf6 Nf3 52. Ke3 Bf5 53. Rg7 h4 54. gxh4 Nxh4 55. Kf2 Be6 56. Rg5 Nf3 57. Rg8 Nd2 58. Ke3 Nf1+ 59. Kd4 Nd2 60. Be7 Kh7 1/2-1/2

[Event "Namangan (zt-playoff)"]
[Site "?"]
[Date "2000.??.??"]
[Round "?"]
[White "Vladimirov, E."]
[Black "Kasimdzhanov, R."]
[Result "1/2-1/2"]
[WhiteElo "2585"]
[BlackElo "2610"]
[PlyCount "70"]
[EventDate "2000.??.??"]
[Source "Chess Informant"]
[SourceDate "2000.06.01"]

1. d4 Nf6 2. c4 c5 3. Nf3 e6 4. d5 exd5 5. cxd5 Bd6 6. Nc3 Bc7 7. g3 d6 8. Bg2 O-O 9. O-O a6 10. a3 Ba5 11. Nd2 b5 12. a4 Bb7 13. axb5 Bxc3 14. bxc3 axb5 15. Rxa8 Bxa8 16. c4 Nbd7 17. e4 Qa5 18. Bb2 b4 19. f4 Re8 20. Re1 Qc7 21. e5 dxe5 22. fxe5 Nxe5 23. d6 Qxd6 24. Bxa8 Qb8 25. Bxe5 Rxe5 26. Rxe5 Qxe5 27. Ne4 b3 28. Nxf6+ gxf6 29. Kg2 f5 30. Bf3 b2 31. Qc2 Kf8 32. Qb1 Qd4 33. Qxf5 Qd2+ 34. Kh3 Qh6+ 35. Kg2 Qd2+ 1/2-1/2

[Event "10th WCh-University"]
[Site "Novokuznetsk RUS"]
[Date "2008.03.09"]
[Round "7"]
[White "Lysyj, I."]
[Black "Bocharov, D."]
[Result "1/2-1/2"]
[WhiteElo "2593"]
[BlackElo "2600"]
[PlyCount "105"]
[EventDate "2008.03.04"]
[Source "www.chesslib.no"]
[SourceDate "2004.05.04"]

1. d4 Nf6 2. c4 e6 3. g3 c5 4. d5 exd5 5. cxd5 b5 6. Nf3 d6 7. e4 a6 8. Bd3 Bg4 9. Nbd2 Nbd7 10. h3 Ne5 11. Bc2 Nxf3+ 12. Nxf3 Bxf3 13. Qxf3 g6 14. a4 Bg7 15. O-O O-O 16. axb5 axb5 17. Bg5 Qe7 18. Qf4 Rfe8 19. Rxa8 Rxa8 20. Re1 h6 21. Bxh6 Nh5 22. Qc1 Bxh6 23. Qxh6 Qe5 24. Bd1 Nf6 25. Qc1 Nxd5 26. Qd2 Nb4 27. f4 Qe6 28. Bg4 Qb3 29. Qc3 Ra3 30. Bd7 Qxc3 31. bxc3 Rxc3 32. Bxb5 Rxg3+ 33. Kf2 Rd3 34. e5 Rd2+ 35. Kg3 Nc2 36. Rc1 d5 37. Ba4 Rd3+ 38. Kh2 Nd4 39. Rxc5 Ne6 40. Rc8+ Kg7 41. Be8 Rf3 42. Rc6 d4 43. Rd6 Rxf4 44. Bd7 Nc5 45. Bb5 Rf2+ 46. Kg1 Rd2 47. Bc4 Kf8 48. Rf6 Rc2 49. Bxf7 Kg7 50. Bxg6 Re2 51. Rd6 Rxe5 52. Kf2 Ne4+ 53. Bxe4 1/2-1/2

[Event "II Open Rapid"]
[Site "Canada de Calatrava SPA"]
[Date "2007.04.06"]
[Round "2"]
[White "Candela Perez, J."]
[Black "Anand, V."]
[Result "0-1"]
[WhiteElo "2402"]
[BlackElo "2779"]
[PlyCount "88"]
[EventDate "2007.04.06"]
[Source "www.chesslib.no"]
[SourceDate "2004.05.04"]

1. d4 Nf6 2. c4 e6 3. Nc3 c5 4. d5 exd5 5. cxd5 Bd6 6. Bg5 h6 7. Bh4 O-O 8. Nf3 Bc7 9. e3 d6 10. Be2 Nbd7 11. O-O a6 12. a4 Re8 13. Nd2 Qe7 14. a5 Rb8 15. Nc4 Nf8 16. Qc2 Bd7 17. Rfd1 Bb5 18. Nxb5 axb5 19. Nd2 b4 20. Bb5 Red8 21. Nc4 Ng6 22. Bg3 Ne4 23. f3 Nxg3 24. hxg3 Ne5 25. Kf2 Nxc4 26. Qxc4 Qf6 27. Rd2 Ra8 28. a6 Ra7 29. Ra4 Rb8 30. axb7 Rbxb7 31. Rxa7 Rxa7 32. Qf4 Bd8 33. Qxf6 Bxf6 34. b3 Bc3 35. Re2 f6 36. f4 h5 37. Kf3 Ra1 38. e4 g5 39. e5 fxe5 40. fxg5 Kg7 41. Be8 c4 42. Ba4 Bd4 43. Ke4 Ra3 44. Kf5 cxb3 0-1

[Event "Venacu FRA, 1. Open"]
[Site "?"]
[Date "2005.10.28"]
[Round "5"]
[White "David Alberto"]
[Black "Agrest Evgenij"]
[Result "0-1"]
[WhiteElo "2595"]
[BlackElo "2570"]
[PlyCount "78"]
[EventDate "2005.??.??"]
[Source "www.chesslib.no"]
[SourceDate "2004.05.04"]

1. d4 Nf6 2. c4 e6 3. g3 c5 4. d5 exd5 5. cxd5 b5 6. Bg2 d6 7. a4 b4 8. Nd2 g6 9. Nc4 Bg7 10. Bf4 O-O 11. Nf3 Ba6 12. Nfd2 Ne8 13. O-O f5 14. Be3 Nd7 15. Qc2 Ndf6 16. h3 Nh5 17. Rad1 Qe7 18. Rde1 Rc8 19. Qb3 Kh8 20. Kh2 g5 21. f4 gxf4 22. Bxf4 Nxf4 23. gxf4 Nf6 24. e4 fxe4 25. Nxe4 Nxe4 26. Rxe4 Qf6 27. Re6 Qd4 28. Re4 Bxc4 29. Qxc4 Qxc4 30. Rxc4 Bxb2 31. Be4 Rce8 32. Kg2 Bd4 33. Kf3 b3 34. Rb1 b2 35. Rxd4 cxd4 36. Rxb2 Rc8 37. Rb7 Rc3+ 38. Kg4 d3 39. Kf3 Re8 0-1

[Event "Europa ch 2008"]
[Site "Plovdiv BUL"]
[Date "2008.04.26"]
[Round "6.72"]
[White "Moiseenko, Alexander"]
[Black "Carlsson, Pontus"]
[Result "1-0"]
[WhiteElo "2650"]
[BlackElo "2513"]
[PlyCount "59"]
[EventDate "2008.04.21"]
[Source "www.chesslib.no"]
[SourceDate "2004.05.04"]

1. d4 Nf6 2. c4 e6 3. g3 c5 4. d5 exd5 5. cxd5 b5 6. e4 Nxe4 7. Qe2 Qe7 8. Bg2 Nd6 9. Be3 Na6 10. Nc3 b4 11. Na4 g6 12. Nxc5 Nxc5 13. Bxc5 a5 14. Bd4 Rg8 15. O-O-O Qxe2 16. Nxe2 Nb5 17. Be3 d6 18. Be4 Ba6 19. Rhe1 Kd7 20. Kb1 Bg7 21. Bc2 Rab8 22. Ba4 Kd8 23. Rc1 Na3+ 24. Ka1 Bb5 25. Bg5+ f6 26. Nd4 fxg5 27. Ne6+ Ke7 28. Rc7+ Kf6 29. Nxg7 Bxa4 30. Re6# 1-0

[Event "Orense"]
[Site "Orense"]
[Date "1975.??.??"]
[Round "?"]
[White "Gheorghiu, Florin"]
[Black "Ljubojevic, Ljubomir"]
[Result "1-0"]
[WhiteElo "2540"]
[BlackElo "2615"]
[PlyCount "85"]
[EventDate "1975.??.??"]
[Source "www.chesslib.no"]
[SourceDate "2004.05.04"]

1. d4 Nf6 2. c4 e6 3. Nf3 c5 4. e3 Be7 5. Nc3 O-O 6. d5 exd5 7. cxd5 d6 8. Be2 Na6 9. O-O Nc7 10. a4 Bg4 11. e4 a6 12. Nd2 Bd7 13. a5 Nb5 14. Bd3 Ne8 15. Nc4 Bf6 16. Na4 Bd4 17. Nab6 Rb8 18. Bf4 Nf6 19. h3 Qc7 20. Qf3 Rbe8 21. Rae1 Re5 22. Nxe5 dxe5 23. Bg5 Ne8 24. Be7 Bxb2 25. Bxf8 Kxf8 26. Qe2 Bd4 27. Kh1 Nc3 28. Qh5 Nf6 29. Qh4 Bb5 30. Bc4 Be8 31. g4 h6 32. f3 Ng8 33. g5 Qd8 34. f4 exf4 35. Qxf4 hxg5 36. Qg3 Bb5 37. d6 Nf6 38. Bxb5 axb5 39. e5 Nh5 40. Qg4 Nf4 41. e6 fxe6 42. Qxe6 Bf6 43. Nd7+ 1-0

[Event "Masters"]
[Site "Abu Dhabi"]
[Date "2004.08.16"]
[Round "3"]
[White "Gleizerov, Evgeny"]
[Black "Kotsur, Pavel"]
[Result "1-0"]
[WhiteElo "2539"]
[BlackElo "2607"]
[PlyCount "67"]
[EventDate "2004.08.14"]
[Source "Roberto Alvarez"]
[SourceDate "2004.08.30"]

1. d4 Nf6 2. c4 e6 3. g3 c5 4. d5 exd5 5. cxd5 b5 6. Bg2 d6 7. e4 Bb7 8. f4 Nbd7 9. Nh3 g6 10. O-O Bg7 11. Re1 Nb6 12. Nc3 b4 13. e5 dxe5 14. fxe5 Nfxd5 15. Bg5 bxc3 16. Bxd8 Rxd8 17. bxc3 Ne3 18. Rxe3 Rxd1+ 19. Rxd1 Bc8 20. Bc6+ Ke7 21. Nf4 Bg4 22. Rde1 Bh6 23. Rd3 Rc8 24. Bf3 Bd7 25. Nd5+ Nxd5 26. Bxd5 Bf5 27. Rf3 Bg7 28. c4 h5 29. Ra3 Rc7 30. e6 Bd4+ 31. Kg2 f6 32. Ra6 Bd3 33. Rd1 Bc2 34. Rf1 1-0

[Event "2. Saipa Cup"]
[Site "?"]
[Date "2004.09.15"]
[Round "4"]
[White "Gleizerov Evgeny"]
[Black "Kotsur Pavel"]
[Result "1/2-1/2"]
[WhiteElo "2539"]
[BlackElo "2607"]
[PlyCount "29"]
[EventDate "2004.??.??"]
[Source "www.chesslib.no"]
[SourceDate "2004.05.04"]

1. d4 Nf6 2. c4 e6 3. g3 c5 4. d5 exd5 5. cxd5 b5 6. Bg2 d6 7. e4 Nbd7 8. Nf3 g6 9. O-O Bg7 10. Bf4 Nb6 11. Nc3 O-O 12. e5 dxe5 13. Nxe5 Bb7 14. Nc6 Qd7 15. Ne5 1/2-1/2

[Event "60th ch-RUS Higher League"]
[Site "Krasnoyarsk RUS"]
[Date "2007.09.12"]
[Round "9"]
[White "Kornev, Alexei"]
[Black "Lysyj, I."]
[Result "1-0"]
[WhiteElo "2567"]
[BlackElo "2578"]
[PlyCount "41"]
[EventDate "2007.09.03"]
[Source "www.chesslib.no"]
[SourceDate "2004.05.04"]

1. d4 Nf6 2. c4 e6 3. g3 c5 4. d5 exd5 5. cxd5 b5 6. Bg2 d6 7. e4 Nbd7 8. f4 g6 9. Qe2 Qa5+ 10. Nd2 Bg7 11. e5 O-O 12. Ngf3 Nxd5 13. O-O Bb7 14. Ne4 dxe5 15. Nd6 Ba6 16. Nxe5 b4 17. Qf2 Qc7 18. Rd1 Nxe5 19. fxe5 Bxe5 20. Rxd5 Bxd6 21. Qf6 1-0

[Event "Moscow RUS"]
[Site "?"]
[Date "2005.02.20"]
[Round "6"]
[White "Yakovich Yuri"]
[Black "Wojtaszek Radoslaw"]
[Result "1-0"]
[WhiteElo "2585"]
[BlackElo "2553"]
[PlyCount "61"]
[EventDate "2005.??.??"]
[Source "www.chesslib.no"]
[SourceDate "2004.05.04"]

1. d4 Nf6 2. c4 c5 3. d5 e6 4. Nf3 exd5 5. cxd5 d6 6. e4 g6 7. Bd3 Bg7 8. O-O O-O 9. h3 b5 10. Re1 Bd7 11. a4 bxa4 12. Nc3 Nh5 13. Bg5 Bf6 14. Bh6 Bg7 15. Bg5 Bf6 16. Be3 Re8 17. g4 Ng7 18. Kg2 Qb6 19. Nxa4 Qb7 20. Bf4 Be7 21. Nd2 Rd8 22. Nc4 Be8 23. Nc3 f6 24. Qd2 Bf7 25. Reb1 Ne8 26. Na5 Qc7 27. b4 g5 28. Be3 Bf8 29. bxc5 dxc5 30. Rb7 Qc8 31. e5 1-0

[Event "EU-chT (Men)"]
[Site "Pula"]
[Date "1997.??.??"]
[Round "9"]
[White "Stohl, Igor"]
[Black "Miezis, Normunds"]
[Result "1-0"]
[WhiteElo "2580"]
[BlackElo "2555"]
[PlyCount "61"]
[EventDate "1997.05.05"]
[Source "ChessBase"]

1. d4 Nf6 2. c4 c5 3. d5 e6 4. Nf3 exd5 5. cxd5 Bd6 6. Bg5 h6 7. Bh4 Qa5+ 8. Nc3 Ne4 9. Qc2 f5 10. e3 Na6 11. Bxa6 Nxc3 12. bxc3 bxa6 13. Qxf5 Qxc3+ 14. Ke2 g5 15. Bg3 Bxg3 16. hxg3 d6 17. Qg6+ Ke7 18. Nd2 Qf6 19. Qxf6+ Kxf6 20. Nc4 Ke7 21. Rab1 h5 22. e4 Kd7 23. e5 dxe5 24. Nxe5+ Ke8 25. Rhc1 Rh7 26. Rxc5 Bf5 27. Rd1 Rb8 28. d6 Rb4 29. d7+ Bxd7 30. Rxd7 Rxd7 31. Rc8+ 1-0

[Event "Paris FRA"]
[Site "?"]
[Date "2005.07.14"]
[Round "6"]
[White "Drasko Milan"]
[Black "Kazhgaleyev Murtas"]
[Result "0-1"]
[WhiteElo "2516"]
[BlackElo "2619"]
[PlyCount "84"]
[EventDate "2005.??.??"]
[Source "www.chesslib.no"]
[SourceDate "2004.05.04"]

1. d4 Nf6 2. c4 e6 3. Nc3 c5 4. d5 exd5 5. cxd5 Bd6 6. Nf3 Bc7 7. g3 d6 8. Bg2 O-O 9. O-O a6 10. a4 Re8 11. Nd2 Nbd7 12. b3 Rb8 13. Qc2 Nf8 14. Bb2 Ng6 15. e4 Bd7 16. Nc4 b5 17. Ne3 h5 18. Nf5 Ne5 19. axb5 axb5 20. Nd1 Bxf5 21. exf5 Bb6 22. h3 c4 23. bxc4 Rc8 24. Bxe5 Rxe5 25. Rb1 h4 26. g4 Nxd5 27. Qd2 Ba5 28. Qxd5 Rxd5 29. Bxd5 bxc4 30. Ne3 c3 31. Rb7 Rc7 32. Rfb1 c2 33. Nxc2 Rxc2 34. Rxf7 Kh8 35. Ra7 Rc5 36. Ra8 Rc8 37. Ra6 Bc3 38. Rb7 Bd4 39. Rb4 Qf6 40. Raa4 Bc5 41. Rf4 Qe5 42. Bb3 Bxf2+ 0-1

[Event "LXVI Campionato georgiano"]
[Site "Tbilisi GEO"]
[Date "2007.03.25"]
[Round "11"]
[White "Arutinian, D."]
[Black "Mchedlishvili, M."]
[Result "1/2-1/2"]
[WhiteElo "2552"]
[BlackElo "2583"]
[PlyCount "44"]
[EventDate "2007.03.14"]
[Source "www.chesslib.no"]
[SourceDate "2004.05.04"]

1. d4 Nf6 2. c4 c5 3. d5 e6 4. Nc3 exd5 5. cxd5 d6 6. Nf3 a6 7. a4 g6 8. h3 Qe7 9. Bf4 Nh5 10. Bh2 f5 11. Nd2 f4 12. Nc4 Nd7 13. e3 Ne5 14. Nxe5 Qxe5 15. Be2 Bh6 16. Bxh5 gxh5 17. O-O O-O 18. Ne2 Qxb2 19. Bxf4 Qf6 20. Rb1 b5 21. Bxh6 Qxh6 22. axb5 Bf5 1/2-1/2

[Event "XXIX Politiken Cup"]
[Site "Copenhagen DAN"]
[Date "2007.07.23"]
[Round "4"]
[White "Ivanov, MM."]
[Black "Malakhov, V."]
[Result "0-1"]
[WhiteElo "2455"]
[BlackElo "2676"]
[PlyCount "80"]
[EventDate "2007.07.21"]
[Source "www.chesslib.no"]
[SourceDate "2004.05.04"]

1. d4 e6 2. c4 Nf6 3. Nf3 c5 4. d5 exd5 5. cxd5 d6 6. Nc3 a6 7. a4 g6 8. Bg5 Bg7 9. Nd2 Nbd7 10. Nc4 Nb6 11. Ne3 Qc7 12. a5 Nbd7 13. Nc4 b5 14. axb6 Nxb6 15. e4 O-O 16. Ne3 h6 17. Bh4 Nxe4 18. Nxe4 f5 19. Nc3 f4 20. Nc2 g5 21. Bxg5 hxg5 22. Be2 Be5 23. Kf1 Qh7 24. Ne1 Nd7 25. h4 Rb8 26. Nf3 Rxb2 27. Nxg5 Qc2 28. Rc1 Qxd1+ 29. Nxd1 Rb4 30. Ne6 Rf6 31. h5 Rh6 32. Bf3 a5 33. g4 fxg3 34. fxg3 Bxg3 35. Rg1 Ba6+ 36. Kg2 Bf4 37. Kh3+ Kh8 38. Rc2 Bd3 39. Rcg2 Bf5+ 40. Kh4 Be3+ 0-1

[Event "6th Gibtelecom Masters"]
[Site "Gibraltar ENG"]
[Date "2008.01.24"]
[Round "3"]
[White "Beliavsky, A."]
[Black "Socko, M."]
[Result "1-0"]
[WhiteElo "2638"]
[BlackElo "2479"]
[PlyCount "77"]
[EventDate "2008.01.22"]
[Source "www.chesslib.no"]
[SourceDate "2004.05.04"]

1. d4 Nf6 2. c4 e6 3. g3 c5 4. d5 exd5 5. cxd5 b5 6. Bg2 d6 7. a4 b4 8. Nf3 g6 9. O-O Bg7 10. Re1 O-O 11. e4 Nbd7 12. Bf4 Ne8 13. Qc2 Ba6 14. Nbd2 Rc8 15. Bf1 Bxf1 16. Kxf1 f6 17. Nc4 Ne5 18. Nfd2 Rc7 19. Kg2 Rcf7 20. Rad1 h5 21. h3 g5 22. Bxe5 fxe5 23. Re2 g4 24. hxg4 hxg4 25. Rh1 Qg5 26. Rh4 Qg6 27. Ne3 Nf6 28. Nf5 Nxe4 29. Qxe4 Rxf5 30. Rxg4 Qf6 31. f3 Kf7 32. Qd3 Rh5 33. Rf2 Rfh8 34. Kf1 Rh1+ 35. Ke2 e4 36. fxe4 Qxf2+ 37. Kxf2 R8h2+ 38. Kf3 Bh6 39. e5 1-0

[Event "Open"]
[Site "Andorra"]
[Date "2007.07.02"]
[Round "3.3"]
[White "Del Rio Angelis, Salvador Gabriel"]
[Black "Spraggett, Kevin"]
[Result "0-1"]
[WhiteElo "2505"]
[BlackElo "2611"]
[PlyCount "78"]
[EventDate "2007.06.30"]
[Source "www.chesslib.no"]
[SourceDate "2004.05.04"]

1. d4 Nf6 2. c4 e6 3. Nc3 c5 4. d5 exd5 5. cxd5 Bd6 6. Bg5 h6 7. Bh4 Bc7 8. Nf3 d6 9. e3 a6 10. a4 Nbd7 11. Be2 O-O 12. O-O Re8 13. Nd2 Nf8 14. Qc2 Ng6 15. Bg3 Rb8 16. Rfb1 Ne7 17. e4 Ng6 18. Qd1 Bd7 19. a5 Rc8 20. f4 c4 21. h4 Bxa5 22. h5 Nf8 23. Bf3 b5 24. e5 b4 25. Rxa5 Qxa5 26. Ra1 Qd8 27. exf6 bxc3 28. fxg7 Nh7 29. bxc3 a5 30. Qc1 Bf5 31. Bf2 Nf6 32. Bd4 Ng4 33. Bxg4 Bxg4 34. Nf1 Be2 35. Nh2 Bd3 36. Nf3 Rb8 37. Nh2 Re2 38. Nf3 f5 39. Ne1 Rbb2 0-1

[Event "AUT-chT 9798"]
[Site "Austria"]
[Date "1998.03.06"]
[Round "9"]
[White "Chernin, Alexander"]
[Black "Grosar, Aljosa"]
[Result "1/2-1/2"]
[WhiteElo "2645"]
[BlackElo "2470"]
[PlyCount "113"]
[EventDate "1997.??.??"]
[Source "ChessBase"]
[SourceDate "1998.04.29"]

1. d4 Nf6 2. c4 e6 3. g3 c5 4. d5 exd5 5. cxd5 b5 6. Bg2 d6 7. b4 Na6 8. a3 g6 9. Nc3 Bg7 10. Rb1 O-O 11. e4 cxb4 12. axb4 Ng4 13. Nge2 Qc7 14. Qb3 Bd7 15. O-O Rfc8 16. h3 Ne5 17. Rd1 Rab8 18. Ra1 Qb7 19. Qa3 Nc7 20. Qxa7 Qxa7 21. Rxa7 Ra8 22. Rb7 Rab8 23. Ra7 Ra8 24. Rb7 Rab8 25. Rxb8 Rxb8 26. Be3 Na6 27. Na2 Ra8 28. Bd4 Nc7 29. Nec3 Ra3 30. Kh1 Na6 31. Bf1 Nc7 32. Kg2 h5 33. Be2 Kf8 34. f4 Nc4 35. Bxg7+ Kxg7 36. Bxc4 bxc4 37. Rd4 Bb5 38. Kf2 Ba6 39. Rd2 Nb5 40. Rc2 Nd4 41. Rb2 Nb5 42. Rc2 Nd4 43. Rd2 Nb5 44. Nxb5 Bxb5 45. Rc2 Ba4 46. Re2 h4 47. gxh4 Rxh3 48. e5 dxe5 49. fxe5 c3 50. Nc1 Rxh4 51. e6 fxe6 52. dxe6 Rxb4 53. e7 Kf7 54. Nd3 Rb1 55. e8=Q+ Bxe8 56. Rc2 Rb3 57. Ke3 1/2-1/2

[Event "Beer_Sheva-Sankt_Peterburg 72/75"]
[Site "?"]
[Date "1998.??.??"]
[Round "?"]
[White "Mikhalevski, Victor"]
[Black "Aseev, Konstantin N"]
[Result "1/2-1/2"]
[WhiteElo "2545"]
[BlackElo "2565"]
[PlyCount "80"]
[EventDate "1998.??.??"]
[Source "ChessBase"]
[SourceDate "1998.02.01"]

1. d4 Nf6 2. c4 e6 3. g3 c5 4. d5 exd5 5. cxd5 b5 6. Bg2 d6 7. b4 Nbd7 8. bxc5 Nxc5 9. Nf3 Bb7 10. Nd4 Nxd5 11. O-O Nc7 12. Bxb7 Nxb7 13. Nxb5 Nxb5 14. Qd5 Be7 15. Qxb5+ Qd7 16. Qxd7+ Kxd7 17. Nc3 Bf6 18. Rb1 Bxc3 19. Rxb7+ Ke6 20. Bg5 d5 21. Rfb1 h6 22. Be3 d4 23. Bf4 Rhe8 24. Kf1 Re7 25. Rxe7+ Kxe7 26. Be5 f6 27. Rb7+ Ke6 28. Bb8 a5 29. g4 g6 30. Kg2 h5 31. gxh5 gxh5 32. Rb5 a4 33. Kf3 Ra5 34. Rxa5 Bxa5 35. Ke4 Bb6 36. f3 f5+ 37. Kd3 Kd5 38. Bg3 Bc5 39. Bf2 Bb6 40. Bg1 Ba7 1/2-1/2

[Event "XI Festival"]
[Site "Voronezh RUS"]
[Date "2007.06.20"]
[Round "8"]
[White "Mihajlovskij, S."]
[Black "Fedorov, Alex"]
[Result "0-1"]
[WhiteElo "2492"]
[BlackElo "2611"]
[PlyCount "76"]
[EventDate "2007.06.12"]
[Source "www.chesslib.no"]
[SourceDate "2004.05.04"]

1. d4 Nf6 2. Nf3 e6 3. c4 c5 4. d5 exd5 5. cxd5 Bd6 6. Nc3 O-O 7. g3 Bc7 8. Bg2 d6 9. O-O a6 10. Nd2 Nbd7 11. a4 Re8 12. b3 Rb8 13. Bb2 Nf8 14. Qc2 b5 15. axb5 axb5 16. e4 Bd7 17. Ra2 Qc8 18. Nd1 Bd8 19. Ne3 Ng4 20. Nxg4 Bxg4 21. Rfa1 Bb6 22. Nf1 Ng6 23. Ne3 c4 24. bxc4 Bxe3 25. fxe3 Qxc4 26. Qf2 b4 27. Ra7 Rf8 28. h3 Bc8 29. Rc1 Qb5 30. Bf1 Qe8 31. Rcc7 b3 32. e5 Nxe5 33. Re7 Qd8 34. Bxe5 dxe5 35. Rxf7 Bb7 36. Rxf8+ Qxf8 37. Bc4 Qc5 38. Ra4 Bxd5 0-1

[Event "Sochi"]
[Site "Sochi"]
[Date "1986.??.??"]
[Round "2"]
[White "Vaganian, Rafael A"]
[Black "Hodgson, Julian M"]
[Result "1-0"]
[WhiteElo "2600"]
[BlackElo "2500"]
[PlyCount "35"]
[EventDate "1986.09.??"]
[Source "ChessBase"]

1. d4 Nf6 2. Nf3 c5 3. d5 e6 4. c4 exd5 5. cxd5 Bd6 6. Nc3 O-O 7. Bg5 Re8 8. e3 h6 9. Bh4 g5 10. Bg3 Bxg3 11. hxg3 Kg7 12. d6 b6 13. Bc4 Bb7 14. Qd3 Nc6 15. O-O-O Na5 16. Bxf7 Kxf7 17. Rxh6 Bxf3 18. gxf3 1-0

[Event "Elgoibar"]
[Site "Elgoibar"]
[Date "1997.12.01"]
[Round "6"]
[White "Giorgadze, Giorgi"]
[Black "Lima, Darcy"]
[Result "1/2-1/2"]
[WhiteElo "2625"]
[BlackElo "2475"]
[PlyCount "55"]
[EventDate "1997.11.26"]
[Source "ChessBase"]
[SourceDate "1998.04.09"]

1. d4 Nf6 2. c4 e6 3. Nc3 c5 4. d5 exd5 5. cxd5 Bd6 6. Nf3 O-O 7. Bg5 Re8 8. e3 h6 9. Bh4 a6 10. a4 Bf8 11. d6 Re6 12. Bc4 Rxd6 13. Qb3 Re6 14. Bxe6 fxe6 15. e4 Nc6 16. Rd1 g5 17. e5 gxh4 18. exf6 Qxf6 19. Ne4 Qg7 20. Nd6 Bxd6 21. Rxd6 Nd4 22. Qd3 Qxg2 23. Rxd4 Qxh1+ 24. Ke2 cxd4 25. Qg6+ Kf8 26. Qxh6+ Ke7 27. Qg5+ Ke8 28. Qg8+ 1/2-1/2